The Pakistan army 1947-1949 (Record no. 10704)
[ view plain ]
| 000 -LEADER | |
|---|---|
| fixed length control field | 00369 a2200133 4500 |
| 082 ## - DEWEY DECIMAL CLASSIFICATION NUMBER | |
| Classification number | 355.0095491 RIZ |
| 090 ## - LOCALLY ASSIGNED LC-TYPE CALL NUMBER (OCLC); LOCAL CALL NUMBER (RLIN) | |
| -- | 6882 |
| -- | 6882 |
| 100 ## - MAIN ENTRY--PERSONAL NAME | |
| Personal name | Riza, Shaukat |
| 245 ## - TITLE STATEMENT | |
| Title | The Pakistan army 1947-1949 |
| Statement of responsibility, etc. | Shaukat Riza |
| 260 ## - PUBLICATION, DISTRIBUTION, ETC. | |
| Place of publication, distribution, etc. | Lahore |
| Name of publisher, distributor, etc. | Wajidalis private limited |
| Date of publication, distribution, etc. | 1989 |
| 300 ## - PHYSICAL DESCRIPTION | |
| Extent | 333p. |
| Other physical details | ill.; |
| Dimensions | 24cm |
| 650 ## - SUBJECT ADDED ENTRY--TOPICAL TERM | |
| Topical term or geographic name entry element | Pakistan. Army --History. |
| 942 ## - ADDED ENTRY ELEMENTS (KOHA) | |
| Koha item type | Book |
| Call number prefix | 355.0095491 RIZ |
| Withdrawn status | Lost status | Damaged status | Not for loan | Permanent Location | Current Location | Total Checkouts | Full call number | Barcode | Date last seen | Price effective from | Koha item type |
|---|---|---|---|---|---|---|---|---|---|---|---|
| Central Library (CL) | Central Library (CL) | 355.0095491 RIZ | SEECSD00427 | 11/14/2012 | 11/14/2012 | Book |
